000 00914nam a22002057a 4500
999 _c57380
_d57380
003 Ge_BSU
005 20200611160824.0
008 200611s2013 xxu||||| |||| 00| 0 geo d
020 _a9789941107597
041 _ageo
080 _a611.018(075.8) ლ - 13
100 _aლაბაძე, მარინა.
_98377
245 _aჰისტოლოგია :
_b(სტომატოლ. ფაკ-ტის სტუდენტთათვის) /
_cმ. ლაბაძე.
264 _aთბილისი :
_bმერიდიანი,
_c2013.
300 _a308 გვ. :
_b ილ. ;
_c 29 სმ.
504 _aბიბლიოგრ.: გვ. 305
653 _aჰისტოლოგია - სახელმძღვანელოები უმაღლესი სასწავლებლებისათვის.
653 _aმედიცინა
942 _2udc
_cBK